Apuntes sobre el fuero municipal de Cuenca y sus reformas / (Record no. 164631)

MARC details
000 -LEADER
campo de control de longitud fija 01254nam a2200253 i 4500
001 - NÚMERO DE CONTROL
campo de control 164631
003 - IDENTIFICADOR DE NÚMERO DE CONTROL
campo de control ES-MaACL
005 - FECHA Y HORA DE LA ÚLTIMA TRANSACCIÓN
campo de control 20250401125914.0
008 - DATOS DE LONGITUD FIJA--INFORMACIÓN GENERAL
campo de control de longitud fija 950206s1897 sp |||| | spa d
040 ## - FUENTE DE CATALOGACIÓN
Centro catalogador/agencia de origen CLM
Lengua de catalogación spa
Centro/agencia transcriptor CCPB | PA2
100 1# - ENTRADA PRINCIPAL--NOMBRE DE PERSONA
Nombre de persona Sanchiz Catalán, Rogelio.
9 (RLIN) 103023
245 10 - MENCIÓN DEL TÍTULO
Título Apuntes sobre el fuero municipal de Cuenca y sus reformas /
Mención de responsabilidad, etc. por Rogelio Sanchíz Catalán... ; con una carta-prólogo de Isidro de Molina.
260 ## - PUBLICACIÓN, DISTRIBUCIÓN, ETC.
Lugar de publicación, distribución, etc. Cuenca :
Nombre del editor, distribuidor, etc. [s.n.],
Fecha de publicación, distribución, etc. 1897 (
Fabricante Imprenta Provincial)
300 ## - DESCRIPCIÓN FÍSICA
Extensión XVI, 156, [4] p., [2] h. de lám. ;
Dimensiones 24 cm.
500 ## - NOTA GENERAL
Nota general "Obra premiada con el Accésit en el Certamen literario y Juegos florales, celebrados en esta ciudad el 10 de septiembre de 1895 e impresa a expensas de la Excma. Diputación Provincial de Cuenca"
530 ## - NOTA DISPONIBLE DE FORMULARIO FÍSICO ADICIONAL
Nota de formato físico adicional disponible Disponible en formato digital.
650 #4 - PUNTO DE ACCESO ADICIONAL DE MATERIA--TÉRMINO DE MATERIA
Término de materia o nombre geográfico como elemento de entrada Fueros-
Subdivisión geográfica Cuenca.
9 (RLIN) 163633
700 1# - ENTRADA AGREGADA--NOMBRE PERSONAL
Nombre de persona Molina, Isidro de.
9 (RLIN) 130028
852 ## - LOCALIZACIÓN
Ubicación ES-MaACL
Número de control de estantería 1626-F-18
Nota libre Revisado enlace: 01 de Abril de 2025.
itemnumber 170908
Ubicación en estantería Depósito folletos
Anotaciones manuscritas Dedicatoria autógrafa del autor
condición física deteriorada
Encuadernación Rustica
856 ## - LOCALIZACIÓN Y ACCESO ELECTRÓNICOS
Identificador Uniforme de Recursos <a href="http://bdh-rd.bne.es/viewer.vm?id=0000140262&page=1 ">http://bdh-rd.bne.es/viewer.vm?id=0000140262&page=1 </a>
Texto de enlace Biblioteca Digital Hispánica
903 ## - NOMBRE PERSONAL DE DONANTE
9 103023
a Sanchiz Catalán, Rogelio
e Autor
942 ## - ELEMENTOS DE ENTRADA SECUNDARIOS (KOHA)
Fuente del sistema de clasificación o colocación Clasificación decimal universal
Holdings
Estatus retirado Estado de pérdida Estado de daño No para préstamo Colección Biblioteca de origen Biblioteca actual Ubicación en estantería Fecha de adquisición Fuente de adquisición Total de préstamos Signatura topográfica completa Código de barras Visto por última vez Precio de reemplazo Tipo de ítem Koha
        Colección de folletos Biblioteca del Ateneo de Madrid Biblioteca del Ateneo de Madrid Depósito folletos 17/01/2008     1626-F-18 1172578 23/02/2023 23/02/2023 Folleto